Personnages Harry Potter - H - Statistiques

Statistiques générales
  • Ce quiz a été pris 1 062 fois
  • Le résultat moyen est 4 sur 12
Statistiques - réponses
Non Personnages % Correct
2 Harry Potter
97%
8 Hermione Granger
87%
3 Hedwige
41%
11 Horace Slughorn
31%
5 Helga Poufsouffle
24%
1 Hannah Abbot
22%
4 Helena Serdaigle
22%
6 Hepzibah Smith
11%
7 Hermès
10%
12 Hugo Weasley
10%
9 Hestia Jones
8%
10 Hokey
7%
Aucun quiz correspondant
Distribution des résultats
% des personnes avec chaque résultat
Percentile par nombre de réponses
Votre historique - résultats
Vous n’avez pas pris ce quiz